| 000 | 00504nam a2200181Ia 4500 | ||
|---|---|---|---|
| 005 | 20250508153205.0 | ||
| 008 | 008 250505s9999 xx 000 0 hin d | ||
| 037 | _aReference | ||
| 040 |
_aFEDL _beng _cFEDL |
||
| 041 |
_ahin _2hin |
||
| 084 |
_a491.4303, GYA _qFEDL |
||
| 100 |
_aSrivastava Mukundilal Ed. _9763364 |
||
| 245 | 0 | _aGyan shabda kosh | |
| 260 |
_aBanaras, India _bGyan Mandal Limited |
||
| 300 | _a1006p. | ||
| 942 |
_cREF _h491.4303, GYA |
||
| 999 |
_c1341143 _d1341143 |
||